000 00400nam a22001577a 4500
020 _a9789386120472
082 _aM3
_bPKS/K
100 _aP K S Nair
_953942
245 _aKaattile nagaram/
_cby P K S Nair.
260 _aThrissur:
_bGmotivation,
_c2016.
300 _a103p.
650 _aNovel Malayalam
_953943
650 _aLiterature Malayalam
_953944
650 _aLiterature
_953945
942 _cBK
999 _c72685
_d72685